Estatísticas para Índia

Clique aqui para jogar o quiz

Estatísticas Gerais

  • Esse quiz foi jogado 16 vezes
  • A pontuação média é 6 de 15

Estatísticas das Respostas

HintResposta% Correto
Onde fica?Ásia
100%
Qual é a sua capital?Nova Deli
100%
De que país é independente?Reino Unido
93%
Qual é o seu animal sagrado?Vaca
79%
Qual é o seu monumento mais conhecido?Taj Mahal
71%
Como se chama a sua indústria de cinema?Bollywood
64%
Qual é a sua religião?Hinduísmo
64%
Qual é a sua cidade mais populosa?Bombaim
36%
Como se chama o traje tradicional das mulheres?Sári
21%
Como se chama o seu festival mais conhecido?Holi
7%
Qual é a sua moeda?Rúpia indiana
7%
Como se chama o traje tradicional dos homens?Dhoti
0%
Qual é o seu ponto mais alto?Kanchenjunga
0%
Como se chama o seu templo mais importante?Templo Dourado
0%
Como se chama o prato típico de Goa?Vindalho
0%

Distribuição das Pontuações

Percentil de Números Respondidos

Porcentagem de Pessoas com Cada Pontuação

Sua Pontuação Histórica

Você não jogou esse quiz